| Tag |
First Indicator |
Second Indicator |
Subfields |
| LEADER |
00000pam a2200000 i 4500 |
| 001 |
in00000029614 |
| 005 |
20151007062849.0 |
| 008 |
790223s1980 nyua b 00100 eng |
| 010 |
|
|
|a 79010962
|
| 020 |
|
|
|a 0471932698
|
| 035 |
|
|
|a (OCoLC)04774550
|
| 035 |
|
|
|9 AAD5967AM
|
| 040 |
|
|
|a DLC
|c DLC
|d TXA
|d UtOrBLW
|
| 049 |
|
|
|a TXAM
|c [1191664]
|
| 050 |
0 |
0 |
|a QD61
|b .T4 vol. 9
|a QD43
|
| 082 |
0 |
|
|a 542/.08 s
|a 542
|
| 245 |
0 |
0 |
|a Chemical experimentation under extreme conditions /
|c edited by Bryant W. Rossiter.
|
| 264 |
|
1 |
|a New York :
|b Wiley,
|c [1980]
|
| 264 |
|
4 |
|c ©1980
|
| 300 |
|
|
|a x, 369 pages :
|b illustrations ;
|c 24 cm.
|
| 336 |
|
|
|a text
|b txt
|2 rdacontent
|
| 337 |
|
|
|a unmediated
|b n
|2 rdamedia
|
| 338 |
|
|
|a volume
|b nc
|2 rdacarrier
|
| 490 |
1 |
|
|a Techniques of chemistry ;
|v v. 9
|
| 500 |
|
|
|a "A Wiley-Interscience publication."
|
| 504 |
|
|
|a Includes bibliographical references and index.
|
| 650 |
|
0 |
|a Chemistry
|x Experiments.
|
| 700 |
1 |
|
|a Rossiter, Bryant W.,
|d 1931-
|
| 830 |
|
0 |
|a Techniques of chemistry ;
|v v. 9.
|
| 999 |
|
|
|a MARS
|
| 999 |
f |
f |
|s 2c79af0e-61e5-3611-adca-d38716a4ff84
|i 6fe21eb7-7c47-3893-af61-80a1f4ffe158
|t 0
|
| 952 |
f |
f |
|p ric
|a Texas A&M University
|b Rellis Campus
|c Joint Library Facility
|d Remote Storage
|t 0
|e QD61 .T4 vol. 9
|h Library of Congress classification
|i unmediated -- volume
|m A14804674670
|
| 998 |
f |
f |
|a QD61 .T4 vol. 9
|t 0
|l Remote Storage
|